| 000 | 00867nam0a22002651 4500 | ||
|---|---|---|---|
| 001 | rc\2310164 | ||
| 005 | 20250623044808.0 | ||
| 035 | _a(NLR Aleph) 006573912 | ||
| 090 |
_a6974480 _c6974480 |
||
| 100 | _a20110829d1977 |||y0rusy50 ca | ||
| 101 | 0 | _arus | |
| 102 | _aRU | ||
| 105 | _aa z ||||| | ||
| 200 | 1 | _aРетрансляция информации, выводимой на экран дисплея "Видеотон-340" | |
| 210 |
_aМосква _cБ. и. _d1977 |
||
| 215 |
_a6 с. _cсхем. _d29 |
||
| 225 | 1 |
_aИн-т атомной энергии им. И.В. Курчатова. [Препринт] _vИАЭ-2797 |
|
| 320 | _aБиблиогр.: с. 6 | ||
| 700 | 1 |
_aШкарбанов _bА.Н. |
|
| 801 | 0 |
_aRU _bNLR _gpsbo |
|
| 801 | 1 |
_aRU _bELAR _2rusmarc |
|
| 852 |
_aNLR _j77-8/1452 |
||
| 899 |
_aRuMoRGB _jБ 77-57/225 |
||
| 942 | _cBOOK | ||
| 980 | _aNB | ||